Most Populous Israeli Cities as a Percent of Their District - Statistics

General Stats
  • This quiz has been taken 50 times
  • The average score is 8 of 15
Answer Stats
% District City % Correct
79.9 Jerusalem Jerusalem
100%
31.6 Tel Aviv Tel Aviv
100%
25.9 Haifa Haifa
91%
15.2 Southern Beersheba
75%
16.3 Southern Ashdod
57%
10.8 Southern Ashkelon
52%
9.7 Central Netanya
52%
10.9 Central Petah Tikva
50%
13.3 Tel Aviv Holon
45%
11.5 Tel Aviv Ramat Gan
45%
14.3 Tel Aviv Bnei Brak
39%
11.2 Central Rishon LeZion
39%
8.5 Tel Aviv Bat Yam
34%
9.2 Haifa Hadera
27%
11.7 Jerusalem Beit Shemesh
18%
No matching quizzes found
Score Distribution
Percent of People with Each Score
Percentile by Number Answered
Your Score History
You have not taken this quiz